Normal view
MARC view
Entry Personal Name
001 - CONTROL NUMBER
- control field: 24595
003 - CONTROL NUMBER IDENTIFIER
- control field: ARRUPE
005 - DATE AND TIME OF LATEST TRANSACTION
- control field: 20160804091522.0
008 - FIXED-LENGTH DATA ELEMENTS
- fixed length control field: 160804|| aca||aabn | a|a d
040 ## - CATALOGING SOURCE
- Original cataloging agency: ARRUPE
- Transcribing agency: ARRUPE
100 ## - HEADING--PERSONAL NAME
- Personal name: Campbell-Johnston, Michael
670 ## - SOURCE DATA FOUND
- Source citation: Work cat.: (ARRUPE)120036: Campbell-Johnston, Michael, Just Faith, 2010